000
00227nam a2200097Ia 4500
008
240331s9999 xx 000 0 und d
082
_b
PUD
100
_a
Venkadasalapathy,A.R. ed
245
0
_a
Pudumaipiththan kathaikal
942
_c
L
999
_c
3793
_d
3793